000 00240nam a22000857a 4500
008 160711b xxu||||| |||| 00| 0 eng d
100 _92558
_a Cerf, B.A., et al
245 _aFifteen Famous European Plays
260 _aNew York
_b Random House
_c1943
999 _c2224
_d2224